000 00541nam a2200181Ia 4500
008 240729s9999 xx 000 0 und d
022 _a2373-8057
245 0 _anpj Parkinson's Disease
260 _aUnited Kingdom
260 _bNature Portfolio
650 _a Internal medicine
650 _a Neurology. Diseases of the nervous system
650 _a Neurosciences. Biological psychiatry. Neuropsychiatry
650 _aMedicine
856 _uhttps://doaj.org/toc/d46b61f5a08c41f49b30738b25a2e0a7
942 _2ddc
942 _cDOAJEJ
999 _c74186
_d74186
945 _a1
_bMadushi Gamage
_c1
_dMadushi Gamage